Constitution of India: as on 26th November 2021 (Record no. 1235973)

MARC details
000 -LEADER
fixed length control field 00565nam a2200217Ia 4500
005 - DATE AND TIME OF LATEST TRANSACTION
control field 20250108125203.0
008 - FIXED-LENGTH DATA ELEMENTS--GENERAL INFORMATION
fixed length control field 008 250107s9999 xx 000 0 eng d
037 ## - SOURCE OF ACQUISITION
Stock number TB
040 ## - CATALOGING SOURCE
Original cataloging agency CRL
Language of cataloging eng
Transcribing agency CRL
041 ## - LANGUAGE CODE
Language code of text/sound track or separate title eng
Source of code eng
084 ## - COLON CLASSIFICATION NUMBER
Classification number I Q5
084 ## - COLON CLASSIFICATION NUMBER
Assigning agency CRL
100 ## - MAIN ENTRY--PERSONAL NAME
Personal name Yogesh Singh Au.
245 #0 - TITLE STATEMENT
Title Constitution of India: as on 26th November 2021
Statement of responsibility, etc. Yogesh Singh Au.
260 ## - PUBLICATION, DISTRIBUTION, ETC.
Place of publication, distribution, etc. Delhi, India
Name of publisher, distributor, etc. University of Delhi
Date of publication, distribution, etc. 3585
300 ## - PHYSICAL DESCRIPTION
Extent 402p.
365 ## - TRADE PRICE
Price type code
Price amount 65.1
650 ## - SUBJECT ADDED ENTRY--TOPICAL TERM
Topical term or geographic name entry element HISTORY
942 ## - ADDED ENTRY ELEMENTS (KOHA)
Koha item type Textbook
Classification part I Q5
Holdings
Withdrawn status Lost status Damaged status Not for loan Home library Current library Date acquired Source of acquisition Cost, normal purchase price Total Checkouts Full call number Barcode Date last seen Date last checked out Price effective from Koha item type
        Central Library Arts Library 2025-01-08 Gift, 18/11/2024, 65.10 1 V2:2 R1 CL1699597 2025-08-11 2025-04-08 2025-01-08 Textbook
Copyright @ Delhi University Library System